000 01519nam a22004457a 4500
001 000095291
003 CHAP
005 20221007135638.0
008 060224d2005 mx r 00110 spa d
010 _a91757
011 _a92729
035 _a103294
040 _cCHAP
090 _aTesis
100 1 _aAlmaráz Favela, Manuel de Jesús.
_94492
245 1 0 _a(Evaluación de potenciales naturales para la actividad agropecuaria en la subcuenca RH24N del estado de Chihuahua) /
_c/por Manuel de Jesús Almaráz Favela.
260 _aChapingo, Méx. :
_bEl autor,
_c2005.
300 _a81 h.
502 _aTesis (Ing. Agr. Esp. en Fitotecnia) - - UACH. Departamento de Fitotecnia
590 _aALEPH
_b10
_c20130110
590 _aBATCH-UPD
_b10
_c20130110
590 _aBATCH-UPD
_b10
_c20130110
590 _aBATCH-UPD
_b10
_c20130409
590 _aBATCH-UPD
_b10
_c20130914
590 _aBATCH-UPD
_b10
_c20140324
590 _aBATCH-UPD
_b10
_c20141002
590 _aBATCH
_b00
_c20181121
590 _aCONVERSION
_b10
_c20130109
590 _aE12093SGE
_b10
_c20130610
650 1 4 _aCultivos
_xChihuahua.
_930239
650 1 4 _aCultivos
_xRendimiento.
_930318
650 1 4 _aRecursos naturales
_xUtilización.
_995321
856 _uhttp://10.13.5.2/tesis/103294.pdf
_zDESCARGAR PDF
901 _aBK
905 _aLilia
942 _cCD
_2ddc
942 _n0
_2ddc
949 _aTesis
_bBC
_cTES
_d33724000979530
_eTS2
_fc.2
_h44708
_i103294
_si
949 _aTesis
_bBC
_cTES
_d33724000979597
_eTS1
_h44707
_i103294
_sb
999 _c91757
_d91757